[Event "BRA-ch (Women) 62nd"]
[Site "Timbo"]
[Date "2023.11.03"]
[Round "8"]
[White "Feller, Isadora Cristina Vi"]
[Black "Horst, Patricia Da Silva"]
[Result "1-0"]
[WhiteElo "1404"]
[BlackElo "1107"]
[PlyCount "55"]
[EventDate "2023.10.29"]
[EventType "swiss"]
[EventRounds "9"]
[EventCountry "BRA"]
[SourceTitle "Mega2024 Update 01"]
[Source "Chessbase"]
[SourceDate "2023.11.12"]
[SourceVersion "1"]
[SourceVersionDate "2023.11.12"]
[SourceQuality "1"]

1. e4 c5 2. Nc3 d6 3. g3 Nc6 4. Bg2 g6 5. d3 Bg7 6. Be3 Qb6 7. Rb1 Nf6 8. Qd2 Ng4 9. Nd5 Qd8 10. f4 Nxe3 11. Nxe3 Bd7 12. Ne2 Qc8 13. 0-0 Bh3 14. f5 Bxg2 15. Kxg2 Bh6 16. Qc3 Rg8 17. Nd5 Bg7 18. f6 exf6 19. Nxf6+ Bxf6 20. Rxf6 Rf8 21. h3 Qc7 22. Nf4 0-0-0 23. Nd5 Qd7 24. b4 cxb4 25. Rxb4 Kb8 26. Rb2 Rfe8 27. Rf1 Qe6 28. Qxc6 1-0

[Event "BRA-ch (Women) 62nd"]
[Site "Timbo"]
[Date "2023.10.29"]
[Round "1"]
[White "Tamarozi, Isabelle"]
[Black "Feller, Isadora Cristina Vi"]
[Result "1-0"]
[WhiteElo "1982"]
[BlackElo "1404"]
[PlyCount "49"]
[EventDate "2023.10.29"]
[EventType "swiss"]
[EventRounds "9"]
[EventCountry "BRA"]
[SourceTitle "Mega2024 Update 01"]
[Source "Chessbase"]
[SourceDate "2023.11.12"]
[SourceVersion "1"]
[SourceVersionDate "2023.11.12"]
[SourceQuality "1"]

1. e4 e5 2. Nf3 Nc6 3. Bb5 a6 4. Ba4 Nf6 5. d3 Bc5 6. c3 d6 7. Bg5 0-0 8. 0-0 Bg4 9. Nbd2 b5 10. Bc2 Qe7 11. Re1 Nd8 12. h3 Bh5 13. d4 exd4 14. cxd4 Bb4 15. e5 dxe5 16. dxe5 Qc5 17. Be3 Qc6 18. exf6 Bxf3 19. Qxf3 Qxc2 20. Qxa8 Bxd2 21. Bxd2 Qxd2 22. Red1 Qxb2 23. Qxd8 c5 24. Qxf8+ Kxf8 25. Rd8# 1-0

[Event "Florianopolis op-B 04"]
[Site "Florianopolis"]
[Date "2023.04.29"]
[Round "3"]
[White "Feller, Isadora Cristina Vi"]
[Black "Predebon, Eduardo Angonesi"]
[Result "0-1"]
[WhiteElo "1432"]
[BlackElo "1702"]
[PlyCount "68"]
[EventDate "2023.04.28"]
[EventType "swiss"]
[EventRounds "6"]
[EventCountry "BRA"]
[SourceTitle "CBM 214 Extra"]
[Source "ChessBase"]
[SourceDate "2023.07.31"]
[SourceVersion "1"]
[SourceVersionDate "2023.07.31"]
[SourceQuality "1"]

1. e4 c5 2. Nc3 d6 3. g3 Nc6 4. Bg2 g6 5. Nge2 Bg7 6. d3 e6 7. Be3 Nd4 8. Qd2 Rb8 9. Nd1 Nxe2 10. Qxe2 b5 11. c3 a5 12. f4 Ne7 13. 0-0 0-0 14. d4 cxd4 15. cxd4 d5 16. e5 Nf5 17. Rc1 Qb6 18. Qd2 h5 19. Nf2 Ba6 20. Nh3 Rfc8 21. Ng5 Bf8 22. Bh3 Nxe3 23. Qxe3 Rc4 24. Rfd1 Rbc8 25. Nf3 Qc6 26. Rxc4 Qxc4 27. a3 Qc2 28. Rd2 Qc1+ 29. Ne1 b4 30. Qf2 bxa3 31. bxa3 Bxa3 32. Rc2 Rxc2 33. Qxc2 Qxe1+ 34. Kg2 Qf1# 0-1

[Event "Florianopolis op 9th"]
[Site "Florianopolis"]
[Date "2023.01.29"]
[Round "10"]
[White "Feller, Isadora Cristina Vi"]
[Black "Carlos, Roberta Souto"]
[Result "1-0"]
[WhiteElo "1310"]
[BlackElo "1698"]
[PlyCount "51"]
[EventDate "2023.01.23"]
[EventType "swiss"]
[EventRounds "10"]
[EventCountry "BRA"]
[SourceTitle "CBM 212 Extra"]
[Source "ChessBase"]
[SourceDate "2023.03.31"]
[SourceVersion "1"]
[SourceVersionDate "2023.03.31"]
[SourceQuality "1"]

1. e4 c5 2. Nc3 Nc6 3. g3 g6 4. d3 Bg7 5. Be3 d6 6. Qd2 Nf6 7. h3 0-0 8. Bh6 Rb8 9. Nf3 b5 10. Bg2 Ba6 11. Bxg7 Kxg7 12. 0-0 c4 13. a3 Qc8 14. Rfe1 cxd3 15. cxd3 Ne5 16. b4 Nxf3+ 17. Bxf3 Qxh3 18. Bg2 Qh5 19. f3 Qe5 20. Ne2 Rfc8 21. Bh3 Rc7 22. Rac1 Rxc1 23. Rxc1 Qh5 24. Kg2 e6 25. Rh1 g5 26. Bf5 1-0

[Event "Florianopolis op 9th"]
[Site "Florianopolis"]
[Date "2023.01.25"]
[Round "4"]
[White "Feller, Isadora Cristina Vi"]
[Black "Teramoto, Anderson"]
[Result "1/2-1/2"]
[WhiteElo "1310"]
[BlackElo "1607"]
[PlyCount "90"]
[EventDate "2023.01.23"]
[EventType "swiss"]
[EventRounds "10"]
[EventCountry "BRA"]
[SourceTitle "CBM 212 Extra"]
[Source "ChessBase"]
[SourceDate "2023.03.31"]
[SourceVersion "1"]
[SourceVersionDate "2023.03.31"]
[SourceQuality "1"]

1. e4 c6 2. d4 d5 3. f3 e6 4. Nc3 Nf6 5. e5 Nfd7 6. f4 a6 7. a4 c5 8. Nf3 Nc6 9. Be3 Qb6 10. Rb1 cxd4 11. Nxd4 Bc5 12. Nce2 Nxd4 13. Nxd4 Qc7 14. c3 Be7 15. Bd3 Nc5 16. Bc2 b6 17. 0-0 Bb7 18. f5 0-0-0 19. fxe6 Nxe6 20. Bf5 Bc5 21. Kh1 Rde8 22. Qg4 Bxd4 23. cxd4 Kb8 24. Rbc1 Qe7 25. Bxe6 fxe6 26. Rc2 Rhf8 27. Rcc1 h6 28. Bd2 a5 29. h3 Ba6 30. Rf3 Be2 31. Qg3 Bxf3 32. gxf3 Rf5 33. f4 Rff8 34. Qb3 Qb7 35. Qb5 Rc8 36. Rg1 Rc4 37. Rg6 Rc6 38. b4 axb4 39. Bxb4 Rxf4 40. Bd6+ Ka7 41. a5 bxa5 42. Qxa5+ Qa6 43. Rxg7+ Ka8 44. Rg8+ Ka7 45. Rg7+ Ka8 1/2-1/2

[Event "Florianopolis op 9th"]
[Site "Florianopolis"]
[Date "2023.01.24"]
[Round "2"]
[White "Feller, Isadora Cristina Vi"]
[Black "Arruda Filho, Ivo Pereira de"]
[Result "0-1"]
[WhiteElo "1310"]
[BlackElo "1669"]
[PlyCount "68"]
[EventDate "2023.01.23"]
[EventType "swiss"]
[EventRounds "10"]
[EventCountry "BRA"]
[SourceTitle "CBM 212 Extra"]
[Source "ChessBase"]
[SourceDate "2023.03.31"]
[SourceVersion "1"]
[SourceVersionDate "2023.03.31"]
[SourceQuality "1"]

1. e4 c5 2. Nc3 d6 3. g3 Nc6 4. d3 e5 5. Bg2 Nf6 6. f4 Be7 7. Nf3 Bg4 8. 0-0 Nd4 9. Be3 Bxf3 10. Bxf3 Nxf3+ 11. Qxf3 0-0 12. f5 g6 13. Bh6 Qb6 14. Na4 Qc6 15. Bxf8 Rxf8 16. Nc3 Qb6 17. b3 Qb4 18. Nd1 Qd4+ 19. Ne3 gxf5 20. exf5 d5 21. Rad1 Rd8 22. Rf2 Bf8 23. Kg2 Bh6 24. Re2 e4 25. dxe4 dxe4 26. Qf1 Bxe3 27. Rxd4 cxd4 28. Qe1 Nd5 29. g4 Nf4+ 30. Kf1 Nxe2 31. Kxe2 Bg5 32. h4 Be3 33. Qd1 Rc8 34. g5 f6 0-1

[Event "Florianopolis op 8th"]
[Site "Florianopolis"]
[Date "2022.01.29"]
[Round "8"]
[White "Penha, Evelyn Maximiano"]
[Black "Feller, Isadora Cristina Vi"]
[Result "1/2-1/2"]
[WhiteElo "1665"]
[BlackElo "1244"]
[PlyCount "107"]
[EventDate "2022.01.24"]
[EventType "swiss"]
[EventRounds "10"]
[EventCountry "BRA"]
[SourceTitle "EXT 2023"]
[Source "ChessBase"]
[SourceDate "2022.10.05"]
[SourceVersion "1"]
[SourceVersionDate "2022.10.05"]
[SourceQuality "1"]

1. e4 c5 2. Nc3 Nc6 3. f4 e6 4. Nf3 d5 5. Bb5 Nge7 6. Qe2 d4 7. Nd1 a6 8. Bxc6+ Nxc6 9. d3 Be7 10. 0-0 0-0 11. Ne5 Qc7 12. Ng4 f5 13. Ngf2 b5 14. Nh3 Bb7 15. Ndf2 Rf7 16. Ng5 Bxg5 17. fxg5 Ne5 18. Bd2 Ng6 19. Nh3 Raf8 20. Rf2 f4 21. Qh5 a5 22. Raf1 c4 23. Rf3 Ne5 24. Rxf4 g6 25. Qh4 cxd3 26. cxd3 Nxd3 27. Rxf7 Rxf7 28. Rf6 Qe7 29. Nf2 Ne5 30. Bxa5 Kg7 31. Qh6+ Kg8 32. Qh4 d3 33. Bc3 Qc7 34. Rxf7 Nxf7 35. Nxd3 Nd6 36. Qg4 Qb6+ 37. Kf1 Nxe4 38. Qf4 Qd8 39. Qe3 Qxg5 40. Qxg5 Nxg5 41. Nc5 Bd5 42. h4 Ne4 43. Nxe4 Bxe4 44. g3 Kf7 45. Be5 Bd5 46. a3 h6 47. Ke2 g5 48. hxg5 hxg5 49. Kd3 Kg6 50. Kd4 Kf5 51. Bc7 Kg4 52. Kc5 Bc4 53. Kd4 Kf3 54. Bd6 1/2-1/2

[Event "BRA-ch U14 Girls"]
[Site "Juiz de Fora"]
[Date "2021.10.12"]
[Round "6"]
[White "Feller, Isadora Cristina Vi"]
[Black "Silva, Maria Vitoria de So"]
[Result "1-0"]
[WhiteElo "1236"]
[BlackElo "1192"]
[PlyCount "99"]
[EventDate "2021.10.09"]
[EventType "swiss"]
[EventRounds "6"]
[EventCountry "BRA"]
[SourceTitle "EXT 2023"]
[Source "ChessBase"]
[SourceDate "2022.10.05"]
[SourceVersion "1"]
[SourceVersionDate "2022.10.05"]
[SourceQuality "1"]

1. d4 Nf6 2. c4 g6 3. Nc3 Bg7 4. e4 d6 5. f4 0-0 6. Nf3 c5 7. d5 Re8 8. Bd3 e6 9. 0-0 exd5 10. cxd5 a6 11. a4 Nbd7 12. Kh1 Nb6 13. Re1 Bd7 14. Bd2 Re7 15. Qb3 c4 16. Bxc4 Nxc4 17. Qxc4 Rc8 18. Qb4 Bg4 19. Nd4 Ne8 20. Nde2 b6 21. Ng3 Bd7 22. a5 b5 23. Qb3 Qc7 24. Rec1 Qb7 25. Rf1 h5 26. h4 Rc7 27. f5 Bf6 28. fxg6 fxg6 29. Rae1 Bxh4 30. Nce2 Bg4 31. Nf4 Bxg3 32. Qxg3 Kh7 33. Qe3 Qa7 34. Qd3 Ng7 35. Be3 Qb8 36. Bd2 Qc8 37. Rc1 Qd8 38. Be3 Rxc1 39. Rxc1 Rc7 40. Rf1 Qh4+ 41. Kg1 Qg3 42. Qd2 Bd7 43. Rf3 Qg4 44. Qf2 h4 45. b4 g5 46. Nh3 Qxe4 47. Nxg5+ Kg8 48. Nxe4 Nf5 49. Rxf5 Bxf5 50. Qxf5 1-0

[Event "BRA-ch U16 Girls"]
[Site "Florianopolis"]
[Date "2021.07.01"]
[Round "1"]
[White "Kikuchi Cadilhac, Mariana Sawae"]
[Black "Feller, Isadora Cristina Vi"]
[Result "1-0"]
[WhiteElo "1776"]
[BlackElo "1246"]
[PlyCount "87"]
[EventDate "2021.07.01"]
[EventType "swiss"]
[EventRounds "6"]
[EventCountry "BRA"]
[SourceTitle "CBM 203 Extra"]
[Source "ChessBase"]
[SourceDate "2021.09.30"]
[SourceVersion "1"]
[SourceVersionDate "2021.09.30"]
[SourceQuality "1"]

1. e4 e5 2. Nf3 Nf6 3. Nc3 Nc6 4. Bc4 Bc5 5. 0-0 d6 6. a3 a5 7. h3 0-0 8. d3 Be6 9. Nd5 Bxd5 10. exd5 Nd4 11. Bg5 c6 12. Nd2 b5 13. Ba2 Rc8 14. Ne4 cxd5 15. Nxf6+ Kh8 16. Nxh7 Kxh7 17. Bxd8 Rcxd8 18. Bxd5 Nf5 19. Be4 g6 20. Bxf5 gxf5 21. Qh5+ Kg7 22. Qg5+ Kh8 23. Qxf5 Rg8 24. Rfe1 Rg7 25. Re4 Kg8 26. Rg4 Re8 27. Re1 Kf8 28. Rxg7 Kxg7 29. Re4 Kf8 30. Qf6 Re6 31. Qg5 Ke8 32. h4 Kd7 33. h5 Re8 34. h6 Rh8 35. Qg7 Rd8 36. h7 Kc6 37. Qg8 Rxg8 38. hxg8Q f5 39. Qa8+ Kd7 40. Rh4 Ke6 41. Qg8+ Kd7 42. Rh7+ Kc6 43. Qa8+ Kb6 44. Qb7# 1-0

[Event "Timbo op"]
[Site "Timbo"]
[Date "2021.06.12"]
[Round "3"]
[White "Feller, Isadora Cristina Vi"]
[Black "Liebl, Livia"]
[Result "0-1"]
[WhiteElo "1234"]
[BlackElo "1515"]
[PlyCount "112"]
[EventDate "2021.06.11"]
[EventType "swiss"]
[EventRounds "6"]
[EventCountry "BRA"]
[SourceTitle "EXT 2022"]
[Source "ChessBase"]
[SourceDate "2021.10.06"]
[SourceVersion "1"]
[SourceVersionDate "2021.10.06"]
[SourceQuality "1"]

1. e4 d5 2. exd5 Qxd5 3. Nc3 Qa5 4. d4 c6 5. Bc4 Nf6 6. Nf3 Bg4 7. Bd2 Qc7 8. 0-0 e6 9. Bg5 Be7 10. Qd3 0-0 11. Ne5 Bf5 12. Qd2 Nbd7 13. Bf4 Bd6 14. Nxd7 Qxd7 15. Ne2 Nd5 16. Bxd6 Qxd6 17. Ng3 Bg6 18. Rad1 b5 19. Bd3 Bxd3 20. Qxd3 Nf6 21. f4 Rfd8 22. Ne4 Nxe4 23. Qxe4 Qd5 24. Qxd5 Rxd5 25. Rd3 Rad8 26. c3 f6 27. Rff3 c5 28. Rg3 cxd4 29. cxd4 Rxd4 30. Rxd4 Rxd4 31. Rf3 Kf7 32. Kf1 Rd1+ 33. Ke2 Rd5 34. Ra3 Rd7 35. Rb3 a6 36. Ra3 Kg6 37. h4 h5 38. Kf3 Kf5 39. Ra5 Rd6 40. g3 Rd3+ 41. Kg2 Kg4 42. Rxa6 Rxg3+ 43. Kf2 Rf3+ 44. Ke2 Rxf4 45. Rxe6 Kxh4 46. Rb6 Rf5 47. Rb7 g5 48. Rd7 Kg3 49. Rd3+ Kg2 50. b3 h4 51. Rd2 Rf2+ 52. Ke1 Rxd2 53. Kxd2 h3 54. a4 bxa4 55. bxa4 h2 56. a5 h1Q 0-1

[Event "Timbo op"]
[Site "Timbo"]
[Date "2021.02.21"]
[Round "5"]
[White "Feller, Isadora Cristina Vi"]
[Black "Manske, Dayana Luiza"]
[Result "1-0"]
[WhiteElo "1250"]
[BlackElo "1739"]
[PlyCount "99"]
[EventDate "2021.02.19"]
[EventType "swiss"]
[EventRounds "6"]
[EventCountry "BRA"]
[SourceTitle "EXT 2022"]
[Source "ChessBase"]
[SourceDate "2021.10.06"]
[SourceVersion "1"]
[SourceVersionDate "2021.10.06"]
[SourceQuality "1"]

1. e4 e5 2. Nf3 Nc6 3. Bb5 d6 4. d4 Bd7 5. Nc3 Nge7 6. Be3 g6 7. Bg5 Qc8 8. Bf6 Rg8 9. dxe5 dxe5 10. Nxe5 Nxe5 11. Bxe5 c6 12. Bc4 b5 13. Bb3 Be6 14. Qf3 Bxb3 15. axb3 Bg7 16. Bxg7 Rxg7 17. Rd1 Qe6 18. 0-0 Rd8 19. Ne2 f5 20. Nd4 Qe5 21. c3 fxe4 22. Qe3 Nf5 23. Qg5 Rdd7 24. Nxc6 Qc7 25. Rxd7 Rxd7 26. Qf6 Ng7 27. Re1 Nf5 28. Rxe4+ Ne7 29. Rxe7+ Rxe7 30. Qh8+ Kf7 31. Qxh7+ Kf6 32. Qxe7+ Qxe7 33. Nxe7 Kxe7 34. Kf1 Kd6 35. Ke2 Kc5 36. g4 a5 37. Kd2 a4 38. bxa4 bxa4 39. h4 Kc4 40. h5 Kb3 41. Kc1 gxh5 42. gxh5 Ka2 43. h6 Kb3 44. h7 a3 45. bxa3 Kxc3 46. h8Q+ Kb3 47. Qd4 Kxa3 48. Qb6 Ka4 49. Kc2 Ka3 50. Qb3# 1-0

[Event "Timbo op"]
[Site "Timbo"]
[Date "2021.02.20"]
[Round "3"]
[White "Feller, Isadora Cristina Vi"]
[Black "Sato, Leticia Miho"]
[Result "0-1"]
[WhiteElo "1250"]
[BlackElo "1738"]
[PlyCount "98"]
[EventDate "2021.02.19"]
[EventType "swiss"]
[EventRounds "6"]
[EventCountry "BRA"]
[SourceTitle "EXT 2022"]
[Source "ChessBase"]
[SourceDate "2021.10.06"]
[SourceVersion "1"]
[SourceVersionDate "2021.10.06"]
[SourceQuality "1"]

1. e4 e5 2. Nf3 Nf6 3. Nxe5 d6 4. Nf3 Nxe4 5. Nc3 Nxc3 6. dxc3 Be7 7. Be3 Nc6 8. Qd2 Be6 9. g3 Qd7 10. Bb5 a6 11. Ba4 b5 12. Bb3 0-0 13. Bxe6 fxe6 14. Nd4 e5 15. Nxc6 Qxc6 16. 0-0-0 Kh8 17. h4 a5 18. f4 Bf6 19. g4 exf4 20. Bxf4 b4 21. cxb4 axb4 22. Kb1 Qc4 23. b3 Qa6 24. Qxb4 Qxa2+ 25. Kc1 Rfb8 26. Qc4 Qa3+ 27. Kd2 Rb4 28. Qf1 Qb2 29. Qf3 Rd4+ 30. Ke1 Re8+ 31. Kf1 Qxc2 32. Rxd4 Bxd4 33. h5 Rf8 34. Rh2 Qb1+ 35. Kg2 Be5 36. Rh1 Qc2+ 37. Kh3 Bxf4 38. g5 Qd2 39. Kg4 Qd4 40. Kh3 Re8 41. Kg4 Bd2+ 42. Kg3 Re3 43. Rf1 Rxf3+ 44. Rxf3 Kg8 45. g6 Be1+ 46. Kg2 Qg4+ 47. Kh2 Qxf3 48. gxh7+ Kxh7 49. h6 Bg3+ 0-1

[Event "Florianopolis op 7th"]
[Site "Florianopolis"]
[Date "2021.01.20"]
[Round "4"]
[White "Ramazzotte, Maicon Zilli"]
[Black "Feller, Isadora Cristina Vi"]
[Result "0-1"]
[WhiteElo "1470"]
[BlackElo "1215"]
[PlyCount "46"]
[EventDate "2021.01.18"]
[EventType "swiss"]
[EventRounds "10"]
[EventCountry "BRA"]
[SourceTitle "CBM 200 Extra"]
[Source "ChessBase"]
[SourceDate "2021.03.31"]
[SourceVersion "1"]
[SourceVersionDate "2021.03.31"]
[SourceQuality "1"]

1. e4 e5 2. Nf3 Nc6 3. Bc4 Bc5 4. d3 Nf6 5. Nc3 d6 6. h3 Be6 7. Bb3 0-0 8. 0-0 Qe7 9. Bg5 Rad8 10. Bd5 Bb6 11. Nh4 Nd4 12. Bxe6 fxe6 13. Nf3 Qf7 14. Nxd4 Bxd4 15. Kh1 Qg6 16. f4 exf4 17. Bxf4 Nh5 18. Ne2 Bxb2 19. Rb1 Be5 20. Rxb7 Bxf4 21. Rxc7 Ng3+ 22. Kg1 Be3+ 23. Kh2 Rxf1 0-1

[Event "Santa Catarina-ch (Women)"]
[Site "Lages"]
[Date "2020.02.16"]
[Round "5"]
[White "Kanzler, Karina Daniela"]
[Black "Feller, Isadora Cristina Vi"]
[Result "1-0"]
[WhiteElo "1874"]
[BlackElo "1199"]
[PlyCount "115"]
[EventDate "2020.02.14"]
[EventType "swiss"]
[EventRounds "6"]
[EventCountry "BRA"]
[SourceTitle "CBM 195 Extra"]
[Source "ChessBase"]
[SourceDate "2020.05.31"]
[SourceVersion "1"]
[SourceVersionDate "2020.05.31"]
[SourceQuality "1"]

1. Nf3 Nf6 2. b3 g6 3. Bb2 Bg7 4. e4 d6 5. Be2 e5 6. d3 Bg4 7. h3 Be6 8. Ng5 Bd7 9. Nc3 0-0 10. 0-0 c5 11. f4 Nc6 12. fxe5 Nxe5 13. Qe1 Bc6 14. Qh4 h6 15. Nf3 g5 16. Qf2 Ned7 17. Rab1 Qe7 18. Nd1 Rac8 19. Ne3 b5 20. Nf5 Qe6 21. Nxg7 Kxg7 22. Nh2 Ne5 23. Ng4 Nfd7 24. Ne3 Kg8 25. Nf5 d5 26. exd5 Bxd5 27. Rbe1 c4 28. d4 Nf3+ 29. Bxf3 Qxf5 30. Bxd5 Qxd5 31. Re7 f6 32. Rfe1 cxb3 33. axb3 a5 34. Qe2 Rf7 35. Qh5 Kg7 36. Qe2 Nb6 37. Rxf7+ Qxf7 38. Qxb5 Rxc2 39. Ba3 Nd5 40. Qxa5 Qb7 41. Qd8 Rxg2+ 42. Kf1 Qb5+ 43. Kxg2 Nf4+ 44. Kh2 Kg6 45. Qe8+ Qxe8 46. Rxe8 Nd5 47. Bc5 Nc7 48. Re7 Nd5 49. Rd7 Ne3 50. d5 Nf5 51. b4 h5 52. b5 g4 53. hxg4 hxg4 54. b6 g3+ 55. Kg2 Nh4+ 56. Kxg3 Nf5+ 57. Kf3 Nh4+ 58. Kf2 1-0

[Event "Florianopolis op 6th"]
[Site "Florianopolis"]
[Date "2020.01.25"]
[Round "9"]
[White "Dos Santos, Paulo H Maximo"]
[Black "Feller, Isadora Cristina Vi"]
[Result "1-0"]
[WhiteElo "1486"]
[BlackElo "1177"]
[PlyCount "77"]
[EventDate "2020.01.20"]
[EventType "swiss"]
[EventRounds "10"]
[EventCountry "BRA"]
[SourceTitle "CBM 194 Extra"]
[Source "ChessBase"]
[SourceDate "2020.03.31"]
[SourceVersion "1"]
[SourceVersionDate "2020.03.31"]
[SourceQuality "1"]

1. c4 Nf6 2. Nc3 d5 3. d4 Bf5 4. Bg5 e6 5. cxd5 exd5 6. Bxf6 gxf6 7. Qb3 Be6 8. g3 Nc6 9. e3 Bb4 10. Bg2 Qd6 11. Nge2 0-0-0 12. a3 Ba5 13. 0-0 Bb6 14. Nf4 Ne7 15. Nxe6 fxe6 16. Rfc1 Rd7 17. Nb5 Qc6 18. Rxc6 Nxc6 19. a4 a5 20. Rc1 Rhd8 21. Bh3 Re7 22. e4 Kb8 23. Bxe6 dxe4 24. d5 Nb4 25. Rc4 Nd3 26. Rxe4 Nxf2 27. Rh4 Nd1+ 28. Kg2 Ne3+ 29. Kh3 Ka8 30. Nxc7+ Ka7 31. Nb5+ Ka8 32. Nd4 Bxd4 33. Rxd4 Nf1 34. d6 Ree8 35. d7 Re7 36. Qb6 Ne3 37. Qxd8+ Ka7 38. Qxa5+ Kb8 39. d8Q# 1-0

[Event "Florianopolis op 6th"]
[Site "Florianopolis"]
[Date "2020.01.24"]
[Round "7"]
[White "Zottis, Ernani"]
[Black "Feller, Isadora Cristina Vi"]
[Result "1-0"]
[WhiteElo "1404"]
[BlackElo "1177"]
[PlyCount "41"]
[EventDate "2020.01.20"]
[EventType "swiss"]
[EventRounds "10"]
[EventCountry "BRA"]
[SourceTitle "CBM 194 Extra"]
[Source "ChessBase"]
[SourceDate "2020.03.31"]
[SourceVersion "1"]
[SourceVersionDate "2020.03.31"]
[SourceQuality "1"]

1. e4 e5 2. Bc4 Nf6 3. Nf3 Nxe4 4. Nxe5 Qe7 5. 0-0 Qxe5 6. Re1 Qf5 7. d3 Qxf2+ 8. Kh1 Be7 9. Rxe4 Rf8 10. Nc3 Nc6 11. Nd5 Kd8 12. Be3 Qf5 13. Qe2 h6 14. Re1 d6 15. Rf1 Qg6 16. Nxe7 Nxe7 17. Bd2 Nf5 18. Re1 Be6 19. Bxe6 fxe6 20. g4 Kd7 21. gxf5 1-0

[Event "Florianopolis op 6th"]
[Site "Florianopolis"]
[Date "2020.01.23"]
[Round "5"]
[White "De Oliveira Filho, Fernando Figueredo"]
[Black "Feller, Isadora Cristina Vi"]
[Result "1-0"]
[WhiteElo "1680"]
[BlackElo "1177"]
[PlyCount "67"]
[EventDate "2020.01.20"]
[EventType "swiss"]
[EventRounds "10"]
[EventCountry "BRA"]
[SourceTitle "CBM 194 Extra"]
[Source "ChessBase"]
[SourceDate "2020.03.31"]
[SourceVersion "1"]
[SourceVersionDate "2020.03.31"]
[SourceQuality "1"]

1. d4 d5 2. c4 e6 3. Nc3 Nf6 4. Nf3 Nc6 5. e3 Bb4 6. a3 Bxc3+ 7. bxc3 Bd7 8. Bd3 0-0 9. 0-0 Qe7 10. a4 Rfe8 11. Ba3 Qd8 12. cxd5 exd5 13. Qc2 Bg4 14. Nd2 Qd7 15. Rfe1 Qe6 16. f3 Bh5 17. e4 Bg6 18. e5 Bxd3 19. Qxd3 Nh5 20. Qe3 g6 21. Nf1 Rac8 22. Qg5 b6 23. Bc1 Ne7 24. g4 Ng7 25. Qh4 c5 26. Bg5 cxd4 27. Ng3 dxc3 28. Bf6 d4 29. Qh6 Nef5 30. gxf5 Qxf6 31. exf6 Rxe1+ 32. Rxe1 Ne8 33. Rxe8+ Rxe8 34. Qg7# 1-0

[Event "Florianopolis op 6th"]
[Site "Florianopolis"]
[Date "2020.01.21"]
[Round "3"]
[White "Borges, Lucas Silvestre"]
[Black "Feller, Isadora Cristina Vi"]
[Result "1-0"]
[WhiteElo "1847"]
[BlackElo "1177"]
[PlyCount "91"]
[EventDate "2020.01.20"]
[EventType "swiss"]
[EventRounds "10"]
[EventCountry "BRA"]
[SourceTitle "CBM 194 Extra"]
[Source "ChessBase"]
[SourceDate "2020.03.31"]
[SourceVersion "1"]
[SourceVersionDate "2020.03.31"]
[SourceQuality "1"]

1. d4 d5 2. Bg5 Bg4 3. Nf3 Nf6 4. Bxf6 Bxf3 5. gxf3 gxf6 6. e3 e6 7. Nc3 Bb4 8. Qd3 Nc6 9. a3 Ba5 10. b4 Bb6 11. Qd2 Qd6 12. Nb5 Qd7 13. c4 dxc4 14. Bxc4 a6 15. Nc3 0-0-0 16. 0-0-0 f5 17. f4 f6 18. d5 exd5 19. Nxd5 Ba7 20. Nxf6 Qxd2+ 21. Rxd2 Rxd2 22. Kxd2 Rd8+ 23. Kc2 h6 24. Be6+ Kb8 25. Bxf5 Ka8 26. Be4 Rd6 27. Nd5 Kb8 28. Rg1 Bb6 29. Rg8+ Ka7 30. Rg6 Rxg6 31. Bxg6 a5 32. Nxb6 Kxb6 33. Kb3 axb4 34. axb4 Ne7 35. Be4 Ng8 36. Kc4 Nf6 37. Bf3 c6 38. e4 Kc7 39. e5 b5+ 40. Kd4 Ng8 41. Kc5 Ne7 42. Be4 Kd7 43. f5 h5 44. e6+ Ke8 45. f6 Nc8 46. Bxc6+ 1-0

[Event "Blumenau STD op"]
[Site "Blumenau"]
[Date "2018.09.30"]
[Round "6"]
[White "Feller, Isadora Cristina Vi"]
[Black "Feller, Gabriela Luisa Vice"]
[Result "0-1"]
[WhiteElo "1183"]
[BlackElo "1581"]
[PlyCount "84"]
[EventDate "2018.09.28"]
[EventType "swiss"]
[EventRounds "6"]
[EventCountry "BRA"]
[SourceTitle "EXT 2020"]
[Source "ChessBase"]
[SourceDate "2019.10.17"]
[SourceVersion "1"]
[SourceVersionDate "2019.10.17"]
[SourceQuality "1"]

1. e4 e5 2. Nf3 Nc6 3. c3 Nf6 4. d3 Bc5 5. Bg5 0-0 6. Nbd2 d6 7. Be2 Be6 8. 0-0 Re8 9. b4 Bb6 10. a4 a6 11. a5 Ba7 12. Re1 d5 13. exd5 Bxd5 14. c4 Bxf3 15. Nxf3 Nxb4 16. Qb3 c5 17. Bd2 Nxd3 18. Bxd3 e4 19. Bc3 exd3 20. Rxe8+ Qxe8 21. Bxf6 gxf6 22. Qxd3 Rd8 23. Qc3 Qe6 24. Re1 Qd6 25. Qb2 b6 26. axb6 Qxb6 27. Qe2 Qd6 28. Nh4 Bb8 29. Qg4+ Kh8 30. g3 Rg8 31. Qh5 Qd7 32. Qxc5 Qd6 33. Qe3 Qe5 34. Qd2 Qg5 35. Qe3 Qxh4 36. Qb6 Qg5 37. c5 Be5 38. c6 Qd2 39. Rf1 a5 40. c7 Qc3 41. Qa7 Qxc7 42. Qxc7 Bxc7 0-1

[Event "Blumenau STD op"]
[Site "Blumenau"]
[Date "2018.09.30"]
[Round "5"]
[White "Royer, Sibely De Oliveira"]
[Black "Feller, Isadora Cristina Vi"]
[Result "0-1"]
[WhiteElo "1735"]
[BlackElo "1183"]
[PlyCount "82"]
[EventDate "2018.09.28"]
[EventType "swiss"]
[EventRounds "6"]
[EventCountry "BRA"]
[SourceTitle "EXT 2020"]
[Source "ChessBase"]
[SourceDate "2019.10.17"]
[SourceVersion "1"]
[SourceVersionDate "2019.10.17"]
[SourceQuality "1"]

1. d4 d5 2. e3 Bf5 3. Nc3 Nf6 4. Nf3 Nbd7 5. Bb5 c6 6. Ba4 e6 7. Bd2 Bb4 8. a3 Bd6 9. 0-0 0-0 10. Re1 b5 11. Bb3 e5 12. Nh4 Bg4 13. f3 Bh5 14. Ne2 e4 15. fxe4 dxe4 16. Nf5 Qc7 17. Nxd6 Qxd6 18. Bb4 c5 19. dxc5 Qc7 20. c6 Rfd8 21. cxd7 Rxd7 22. Qc1 Ng4 23. Ng3 Bg6 24. Rf1 Qb6 25. Re1 Qc7 26. Bd2 h5 27. Re2 h4 28. Nf1 Bh5 29. Re1 Nf6 30. a4 b4 31. Bxb4 Qb6 32. c3 a5 33. Bc2 axb4 34. cxb4 Qxb4 35. Ra3 Rad8 36. Bb3 Qa5 37. Qb1 Qg5 38. g3 h3 39. Rc1 Qf5 40. Qc2 Bf3 41. Qc4 Rf8 0-1

[Event "Blumenau STD op"]
[Site "Blumenau"]
[Date "2018.09.29"]
[Round "3"]
[White "Feller, Isadora Cristina Vi"]
[Black "Machado, Isadora Santos"]
[Result "1-0"]
[WhiteElo "1183"]
[BlackElo "1746"]
[PlyCount "59"]
[EventDate "2018.09.28"]
[EventType "swiss"]
[EventRounds "6"]
[EventCountry "BRA"]
[SourceTitle "EXT 2020"]
[Source "ChessBase"]
[SourceDate "2019.10.17"]
[SourceVersion "1"]
[SourceVersionDate "2019.10.17"]
[SourceQuality "1"]

1. e4 e5 2. Nf3 Nc6 3. c3 Nf6 4. d3 d6 5. Bg5 Be7 6. Nbd2 0-0 7. d4 Bg4 8. Bb5 exd4 9. Bxc6 bxc6 10. cxd4 c5 11. d5 Nxd5 12. Bxe7 Qxe7 13. 0-0 Nf6 14. Re1 Bxf3 15. Qxf3 Qd7 16. Nc4 d5 17. exd5 Qxd5 18. Qc3 Rad8 19. Ne3 Qd2 20. Qxc5 Qxb2 21. Qg5 Rd2 22. Rf1 Rfd8 23. Nf5 g6 24. Ng3 Rxf2 25. Rxf2 Qxa1+ 26. Rf1 Qd4+ 27. Kh1 Qd1 28. Qxf6 Rd7 29. Qxf7+ Kh8 30. Qf8# 1-0